000 01174nam a2200253Ia 4500
999 _c50087
_d50087
001 17025
003 GE_BSU
005 20240531111137.0
008 181216s1986||||ge |||||||||||||| ||geo||
040 _cGE_BSU
041 _ageo
080 _a371.7 + 613.955 კ-76
100 _aკოროსტელიოვი, ნიკოლოზ
_922262
245 _aჯანმრთელობის ანბანი :
_b[უფრ. სასკ. ასაკის ბავშვებისათვის] /
_cნიკოლოზ კოროსტელიოვი; თარგმნა პ. და ზ. ქავთარიებმა.
250 _a1-ლი გამოცემა
264 _aთბილისი ;
_bნაკადული,
_c1986.
300 _a327 გვ. :
_bილ. ;
_c21სმ.
653 _aპედაგოგიკა
653 _aჯანმრთელობის ანბანი
653 _aმედიცინა
700 _aქავთარია, პ.
_eმთარგმნელი
_922263
700 _aქავთარია, ზ.
_eმთარგმნელი
_922264
942 _cBK
_2udc